[Event "SG Porz 2 - Oberhausener SV 1"]
[Site "Oberliga NRW 2015/2016"]
[Date "2015.10.25"]
[Round "2.4"]
[White "Gallinnis, Norbert"]
[Black "Litwak, Aleksej"]
[Result "0-1"]
[WhiteElo "2212"]
[BlackElo "2270"]
[PlyCount "88"]
[EventDate "2015.??.??"]
[WhiteTeam "SG Porz 2"]
[BlackTeam "Oberhausener SV 1"]

1. e4 c5 2. Na3 Nc6 3. g3 g6 4. Bg2 Bg7 5. Nf3 Nf6 6. d3 O-O 7. O-O d5 8. Qe2
Bg4 9. c3 c4 10. exd5 cxd3 11. Qxd3 Qxd5 12. Qxd5 Nxd5 13. Ng5 Rad8 14. h3 Bf5
15. g4 Bc8 16. Rd1 e6 17. Bd2 h6 18. Ne4 f5 19. Nc5 b6 20. Nd3 e5 21. g5 h5 22.
c4 Nde7 23. Bc3 f4 24. Nb4 f3 25. Rxd8 Nxd8 26. Bf1 e4 27. Nb5 a5 28. Nd5 Nxd5
29. cxd5 Nf7 30. h4 Bxc3 31. bxc3 Bd7 32. Nd4 Ne5 33. Rb1 Rf4 34. Ne6 Rg4+ 35.
Kh2 Rxh4+ 36. Bh3 Bxe6 37. dxe6 Ng4+ 38. Kg3 Rxh3+ 39. Kxh3 Nxf2+ 40. Kg3 Nd3
41. Rxb6 Kf8 42. Rb7 h4+ 43. Kg4 f2 44. Rf7+ Ke8 0-1

[Event "SG Porz 2 - Oberhausener SV 1"]
[Site "Oberliga NRW 2015/2016"]
[Date "2015.10.25"]
[Round "2.5"]
[White "Kummerow, Heiko"]
[Black "Fieberg, Samuel"]
[Result "1-0"]
[WhiteElo "2256"]
[BlackElo "2181"]
[PlyCount "95"]
[EventDate "2015.??.??"]
[WhiteTeam "Oberhausener SV 1"]
[BlackTeam "SG Porz 2"]

1. e4 c5 2. Nf3 Nc6 3. d4 cxd4 4. Nxd4 e5 5. Nb5 a6 6. Nd6+ Bxd6 7. Qxd6 Qe7 8.
Qd1 Nf6 9. Nc3 d6 10. Bg5 Be6 11. Nd5 Bxd5 12. exd5 Nb8 13. Be2 Nbd7 14. O-O
O-O 15. c4 a5 16. Rc1 h6 17. Be3 Ne4 18. Bd3 Nec5 19. Bf5 b6 20. Rc3 Nf6 21.
Re1 Rfe8 22. Qf3 Kh8 23. Qh3 Ng8 24. Bd2 Qf8 25. Rf3 Ra7 26. Bc2 e4 27. Rf4
Rae7 28. Bc3 f6 29. Qf5 Re5 30. Bxe5 Rxe5 31. Qh3 f5 32. g4 Nd3 33. Bxd3 exd3
34. Rxe5 d2 35. Rd4 Qf6 36. Rxd2 Qxe5 37. Qe3 Qxe3 38. fxe3 fxg4 39. b4 axb4
40. Rb2 Nf6 41. Rxb4 Nd7 42. Ra4 Kg8 43. Ra7 Nc5 44. Rc7 Ne4 45. Rc6 Nd2 46.
Rxb6 Nxc4 47. Rc6 Nxe3 48. Rxd6 1-0

[Event "SG Porz 2 - Oberhausener SV 1"]
[Site "Oberliga NRW 2015/2016"]
[Date "2015.10.25"]
[Round "2.6"]
[White "Wagenknecht, Uwe"]
[Black "Ciornei, Dragos"]
[Result "1/2-1/2"]
[WhiteElo "2161"]
[BlackElo "2133"]
[PlyCount "102"]
[EventDate "2015.??.??"]
[WhiteTeam "SG Porz 2"]
[BlackTeam "Oberhausener SV 1"]

1. Nf3 Nf6 2. g3 g6 3. Bg2 Bg7 4. O-O O-O 5. d3 d6 6. c4 e5 7. Nc3 Nc6 8. Rb1
a5 9. a3 Nd4 10. Nd2 c6 11. e3 Nf5 12. Nf3 Re8 13. e4 Nd4 14. Nxd4 exd4 15. Ne2
Nd7 16. b4 axb4 17. axb4 c5 18. bxc5 Nxc5 19. Bb2 Na4 20. Ba1 Nc3 21. Bxc3 dxc3
22. Qb3 Re5 23. Nxc3 Rea5 24. Nb5 Ra2 25. d4 Bd7 26. Rfd1 Qb6 27. Qe3 Bxb5 28.
Rxb5 Qc7 29. Bf1 Ra1 30. Rbb1 Rxb1 31. Rxb1 Ra2 32. Rd1 h5 33. h4 Qb6 34. c5
dxc5 35. dxc5 Qb2 36. Bc4 Ra1 37. Rxa1 Qxa1+ 38. Kg2 Qd4 39. Qxd4 Bxd4 40. Bd5
Bxc5 41. Bxb7 Bd4 42. f3 Kg7 43. f4 f6 44. Kf3 Kf7 45. Bd5+ Kg7 46. Bc6 Kf8 47.
Ba4 Kf7 48. Kg2 Kf8 49. Bd1 Kg7 50. Kh3 Kf7 51. f5 Kg7 1/2-1/2

[Event "SG Porz 2 - Oberhausener SV 1"]
[Site "Oberliga NRW 2015/2016"]
[Date "2015.10.25"]
[Round "2.7"]
[White "Nissen, Claus"]
[Black "Liard, Thibaud"]
[Result "0-1"]
[WhiteElo "2087"]
[BlackElo "2128"]
[PlyCount "60"]
[EventDate "2015.??.??"]
[WhiteTeam "Oberhausener SV 1"]
[BlackTeam "SG Porz 2"]

1. d4 Nf6 2. Nf3 g6 3. c4 Bg7 4. Nc3 d5 5. cxd5 Nxd5 6. e4 Nxc3 7. bxc3 O-O 8.
Rb1 c5 9. Be3 Nc6 10. Qd2 cxd4 11. cxd4 Bg4 12. d5 Bxf3 13. gxf3 Ne5 14. Be2
Qc8 15. Bd4 Qh3 16. Rb3 Qg2 17. Rf1 Rac8 18. Qf4 Rc7 19. Kd2 g5 20. Bxe5 gxf4
21. Bxc7 Qxh2 22. Rxb7 Bd4 23. Ba5 Bxf2 24. Rxe7 Be3+ 25. Kd3 Qh6 26. Kc2 Qd6
27. Rc7 Qa3 28. Bc3 Qxa2+ 29. Bb2 Rb8 30. Bb5 Qa5 0-1

[Event "SG Porz 2 - Oberhausener SV 1"]
[Site "Oberliga NRW 2015/2016"]
[Date "2015.10.25"]
[Round "2.8"]
[White "Sabirov, Ramil"]
[Black "Voge, Andreas"]
[Result "1/2-1/2"]
[WhiteElo "2067"]
[BlackElo "2079"]
[PlyCount "126"]
[EventDate "2015.??.??"]
[WhiteTeam "SG Porz 2"]
[BlackTeam "Oberhausener SV 1"]

1. Nf3 Nf6 2. c4 e6 3. g3 b6 4. Bg2 Bb7 5. b3 c5 6. O-O Be7 7. Bb2 O-O 8. e3
Nc6 9. Nc3 a6 10. d4 cxd4 11. Nxd4 Qc7 12. Rc1 Rac8 13. Nc2 Rfd8 14. e4 d6 15.
Ne3 Qb8 16. Qe2 b5 17. cxb5 axb5 18. Qxb5 Qa8 19. Rfd1 Ne5 20. Qa4 Qxa4 21.
Nxa4 Rxc1 22. Rxc1 Bxe4 23. Bxe4 Nxe4 24. Bxe5 dxe5 25. Rd1 Rd4 26. Kf1 f5 27.
Ke2 Kf7 28. f3 Rxa4 29. bxa4 Nc3+ 30. Kd3 Nxd1 31. Nxd1 Ke8 32. Ne3 Bc5 33. Nc4
Bg1 34. h3 Bh2 35. g4 Kd7 36. a5 Kc6 37. a4 Kb7 38. gxf5 exf5 39. Nd6+ Ka6 40.
Nxf5 g6 41. Ne3 Kxa5 42. Ke4 Kxa4 43. Ng4 Bg3 44. Nxe5 Kb5 45. Nd7 Kc6 46. Nf8
Kd6 47. Nxh7 Ke7 48. f4 Be1 49. Ng5 Kf6 50. Kf3 Kf5 51. Ne4 Bb4 52. Ng3+ Kf6
53. Kg4 Kg7 54. Ne4 Be7 55. Ng5 Kh6 56. Nf3 Bf6 57. Ne5 Be7 58. h4 Ba3 59. Nc4
Bc1 60. Nd6 Bxf4 61. Kxf4 Kh5 62. Kg3 g5 63. hxg5 Kxg5 1/2-1/2

[Event "Düsseldorfer SK 1 - SVG Plettenberg 1"]
[Site "Oberliga NRW 2015/2016"]
[Date "2015.10.25"]
[Round "2.1"]
[White "Haub, Thorsten Michael"]
[Black "Coenen, Michael"]
[Result "1/2-1/2"]
[WhiteElo "2333"]
[BlackElo "2368"]
[PlyCount "91"]
[EventDate "2015.??.??"]
[WhiteTeam "SVG Plettenberg 1"]
[BlackTeam "Düsseldorfer SK 1"]

1. g3 g6 2. Bg2 Bg7 3. e4 c5 4. d3 d6 5. Nf3 Nc6 6. O-O Bg4 7. h3 Bxf3 8. Qxf3
Nf6 9. c3 O-O 10. Na3 Rc8 11. Qe2 Nd7 12. Be3 a6 13. Rfd1 b5 14. d4 cxd4 15.
cxd4 Qa5 16. f4 Nb6 17. e5 Nb4 18. Bd2 Qa4 19. Bxb4 Qxb4 20. Bb7 Rb8 21. Bxa6
Na4 22. Qd2 Qxb2 23. Qxb2 Nxb2 24. Rdb1 Na4 25. Bxb5 Nc3 26. Rb3 Rfc8 27. Kg2
Nxb5 28. Nxb5 dxe5 29. fxe5 f6 30. exf6 Bxf6 31. a4 Ra8 32. Kf3 Rc4 33. a5 Ra6
34. Ke4 e6 35. Kd3 Rc8 36. Rc3 Rd8 37. Ke4 Rd5 38. Rb3 Kg7 39. Ra4 Bd8 40. g4
Rxa5 41. Rxa5 Bxa5 42. Na3 h5 43. Nc4 hxg4 44. hxg4 Kf6 45. Nxa5 Rxa5 46. Rb6
1/2-1/2

[Event "Düsseldorfer SK 1 - SVG Plettenberg 1"]
[Site "Oberliga NRW 2015/2016"]
[Date "2015.10.25"]
[Round "2.2"]
[White "Stark, Lars"]
[Black "Kupreichik, Viktor D"]
[Result "1-0"]
[WhiteElo "2403"]
[BlackElo "2451"]
[PlyCount "165"]
[EventDate "2015.??.??"]
[WhiteTeam "Düsseldorfer SK 1"]
[BlackTeam "SVG Plettenberg 1"]

1. c4 e5 2. g3 Nf6 3. Bg2 d5 4. cxd5 Nxd5 5. Nf3 Nc6 6. O-O Be7 7. d4 e4 8. Ne5
Bf5 9. Nxc6 bxc6 10. Nd2 Nf6 11. Qa4 O-O 12. Nb3 Qd5 13. Bf4 Bd6 14. Rac1 Qb5
15. Qxb5 cxb5 16. Nc5 Rfe8 17. Na6 Nd5 18. Nxc7 Bxc7 19. Bxc7 Bg4 20. Rfe1 Rac8
21. Ba5 Rc4 22. Rxc4 bxc4 23. e3 Rb8 24. Bxe4 Nf6 25. Bc2 Rxb2 26. Rb1 Rxb1+
27. Bxb1 Bf3 28. a3 Kf8 29. Bb4+ Ke8 30. Kf1 g5 31. h3 h5 32. Ba2 Bd5 33. f3
Bxf3 34. Bxc4 Ne4 35. Bb5+ Kd8 36. Kg1 g4 37. Kh2 Nf2 38. h4 Nd1 39. Bc5 Nxe3
40. Bxa7 Nd5 41. Bc5 Be4 42. Kg1 Nc3 43. Bc4 Bd5 44. Bd3 Be4 45. Ba6 Bf3 46.
Ba7 Kc7 47. Bc4 Bd5 48. Bd3 Be4 49. Bf1 Bc6 50. Bc5 Kd7 51. Bb4 Ne4 52. Be1 Kd6
53. Bc4 Bd5 54. Bd3 Bc6 55. Bc2 Kd5 56. Bb3+ Kxd4 57. Bxf7 Ke3 58. Bxh5 Ke2 59.
Bxg4+ Kxe1 60. Bf3 Kd2 61. Bxe4 Bxe4 62. Kf2 Kd3 63. a4 Kd4 64. a5 Bd3 65. Kf3
Ke5 66. Ke3 Ba6 67. g4 Bc8 68. g5 Ba6 69. Kd2 Bb5 70. Kc3 Be2 71. Kd2 Bb5 72.
Kc2 Bc4 73. Kb2 Bd3 74. Kb3 Be2 75. Kc3 Kd5 76. Kb4 Kd6 77. Ka3 Kd5 78. Kb3 Ke5
79. Kc3 Bf1 80. Kb4 Kd5 81. h5 Ke6 82. Kc5 Bd3 83. h6 1-0

[Event "Düsseldorfer SK 1 - SVG Plettenberg 1"]
[Site "Oberliga NRW 2015/2016"]
[Date "2015.10.25"]
[Round "2.4"]
[White "Hainke, Guntram"]
[Black "Bouaraba, Max"]
[Result "1/2-1/2"]
[WhiteElo "2305"]
[BlackElo "2190"]
[PlyCount "118"]
[EventDate "2015.??.??"]
[WhiteTeam "Düsseldorfer SK 1"]
[BlackTeam "SVG Plettenberg 1"]

1. d4 Nf6 2. Nf3 d5 3. c4 e6 4. Nc3 dxc4 5. Qa4+ Nbd7 6. g3 a6 7. Bg2 Be7 8.
Qxc4 c5 9. dxc5 Bxc5 10. b4 Be7 11. Qb3 a5 12. b5 a4 13. Qc2 O-O 14. O-O Qc7
15. Bd2 Nb6 16. Bf4 Bd6 17. Bxd6 Qxd6 18. Ne4 Nxe4 19. Qxe4 Nd5 20. Qd4 Qa3 21.
Rfc1 Bd7 22. b6 Rfc8 23. Qd2 Nc3 24. Rc2 Bb5 25. Nd4 e5 26. Nxb5 Nxb5 27. Rxc8+
Rxc8 28. Bxb7 Rb8 29. Bg2 Nc3 30. Kf1 g6 31. b7 e4 32. f3 Rxb7 33. Rc1 e3 34.
Qxe3 Nb1 35. Rc8+ Kg7 36. Qd4+ f6 37. f4 Qb2 38. Qd8 Nd2+ 39. Kf2 Qb6+ 40. Qxb6
Rxb6 41. Rc7+ Kh6 42. Ra7 Rb4 43. Bc6 Ne4+ 44. Bxe4 Rxe4 45. Kf3 Rc4 46. h3
Rc3+ 47. e3 Ra3 48. g4 g5 49. f5 Rxa2 50. Rf7 Rh2 51. Rxf6+ Kg7 52. Ra6 Rxh3+
53. Ke4 Rg3 54. Kd4 Rxg4+ 55. e4 h5 56. Ra7+ Kh6 57. Ra6+ Kg7 58. Ra7+ Kh6 59.
Ra6+ Kg7 1/2-1/2

[Event "Düsseldorfer SK 1 - SVG Plettenberg 1"]
[Site "Oberliga NRW 2015/2016"]
[Date "2015.10.25"]
[Round "2.5"]
[White "Pieper, Dawid"]
[Black "Schuh, Dirk"]
[Result "1/2-1/2"]
[WhiteElo "2165"]
[BlackElo "2323"]
[PlyCount "49"]
[EventDate "2015.??.??"]
[WhiteTeam "SVG Plettenberg 1"]
[BlackTeam "Düsseldorfer SK 1"]

1. e4 e6 2. d3 d5 3. Qe2 Ne7 4. Nf3 c5 5. g3 Nbc6 6. Bg2 g6 7. O-O Bg7 8. c3 b6
9. e5 Ba6 10. Na3 Qc7 11. Re1 h6 12. h4 O-O-O 13. Bd2 d4 14. c4 Rdg8 15. Nb5
Qd7 16. Nd6+ Kb8 17. Nxf7 Rh7 18. Nd6 Nf5 19. Nxf5 gxf5 20. a3 Bb7 21. b4 Bf8
22. b5 Na5 23. Bxa5 bxa5 24. Nd2 Be7 25. Nb3 1/2-1/2

[Event "Düsseldorfer SK 1 - SVG Plettenberg 1"]
[Site "Oberliga NRW 2015/2016"]
[Date "2015.10.25"]
[Round "2.6"]
[White "Miedema, David"]
[Black "Schulze, Marc"]
[Result "1-0"]
[WhiteElo "2309"]
[BlackElo "2070"]
[PlyCount "43"]
[EventDate "2015.??.??"]
[WhiteTeam "Düsseldorfer SK 1"]
[BlackTeam "SVG Plettenberg 1"]

1. d4 Nf6 2. c4 d6 3. Nc3 e5 4. Nf3 Nbd7 5. g3 Be7 6. Bg2 O-O 7. O-O c6 8. Qc2
Qc7 9. b3 Re8 10. Bb2 Nf8 11. h3 Ne6 12. e3 exd4 13. exd4 g6 14. Rac1 h6 15. d5
cxd5 16. cxd5 Ng5 17. Nxg5 hxg5 18. Qd2 Qa5 19. Qxg5 Ne4 20. Qe3 Bg5 21. f4 Bf6
22. Nxe4 1-0

[Event "Düsseldorfer SK 1 - SVG Plettenberg 1"]
[Site "Oberliga NRW 2015/2016"]
[Date "2015.10.25"]
[Round "2.7"]
[White "Kuhnen, Thomas"]
[Black "Balster, Stefan"]
[Result "0-1"]
[WhiteElo "2084"]
[BlackElo "2241"]
[PlyCount "60"]
[EventDate "2015.??.??"]
[WhiteTeam "SVG Plettenberg 1"]
[BlackTeam "Düsseldorfer SK 1"]

1. e4 c5 2. Nc3 Nc6 3. f4 g6 4. Nf3 Bg7 5. Bb5 Nd4 6. Bd3 e6 7. Nxd4 cxd4 8.
Nb5 d6 9. c3 Ne7 10. Qa4 O-O 11. Nxd4 e5 12. Nf3 exf4 13. O-O Nc6 14. Bc2 a6
15. Qc4 Be6 16. Qe2 Ne5 17. b3 Rc8 18. Nd4 Bg4 19. Qf2 g5 20. h3 Bd7 21. Ba3
Qf6 22. Rac1 Rfe8 23. Nf5 Bxf5 24. exf5 d5 25. Bb2 Nc6 26. d4 Ne7 27. g3 Nxf5
28. Bxf5 Qxf5 29. gxf4 Qxh3 30. fxg5 Re3 0-1

[Event "Düsseldorfer SK 1 - SVG Plettenberg 1"]
[Site "Oberliga NRW 2015/2016"]
[Date "2015.10.25"]
[Round "2.8"]
[White "Herzum, Peter"]
[Black "Richardt, Mike"]
[Result "1/2-1/2"]
[WhiteElo "2012"]
[BlackElo "1985"]
[Annotator "Hausrath,Daniel"]
[PlyCount "89"]
[EventDate "2015.??.??"]
[WhiteTeam "Düsseldorfer SK 1"]
[BlackTeam "SVG Plettenberg 1"]

1. e4 c5 2. Nf3 Nc6 3. d4 cxd4 4. Nxd4 Nf6 5. Nc3 e5 6. Ndb5 d6 7. Bg5 a6 8.
Na3 b5 9. Nd5 Be7 10. Bxf6 Bxf6 11. c3 O-O 12. Be2 Bg5 13. O-O Kh8 14. Nc2 Be6
15. Nce3 Ne7 16. a4 bxa4 17. Rxa4 a5 18. Qd3 Bd7 19. Ra3 Bc6 20. Rfa1 g6 21.
Nc4 Nxd5 22. exd5 Bb5 23. Qd1 a4 24. b4 Qc7 25. Nb2 Bd7 26. c4 Ra7 27. b5 Rfa8
28. Rxa4 Bd8 29. Nd3 Kg7 30. Nb4 Rxa4 31. Rxa4 Rxa4 32. Qxa4 Qc5 33. Nd3 Qd4
34. Qb4 Bf5 35. Qb2 Bxd3 36. Qxd4 exd4 37. Bxd3 Bb6 $11 38. g3 f5 39. Kg2 Kf6
40. Kf3 h6 41. g4 fxg4+ 42. Kxg4 g5 43. Kh5 Kg7 44. h4 Kf6 45. hxg5+ 1/2-1/2

[Event "SK Münster 1 - SV Würselen 1"]
[Site "Oberliga NRW 2015/2016"]
[Date "2015.10.25"]
[Round "2.2"]
[White "Wolter, Kai"]
[Black "Hovhannisyan, Mher"]
[Result "0-1"]
[WhiteElo "2249"]
[BlackElo "2491"]
[PlyCount "60"]
[EventDate "2015.??.??"]
[WhiteTeam "SK Münster 1"]
[BlackTeam "SV Würselen 1"]

1. e4 e6 2. d4 d5 3. exd5 exd5 4. Nf3 Nf6 5. Bd3 c5 6. O-O c4 7. Be2 Nc6 8. b3
cxb3 9. axb3 h6 10. c4 Bd6 11. Nc3 O-O 12. c5 Bb8 13. Ra4 Bg4 14. h3 Bf5 15. b4
Ne4 16. Bb2 Ne7 17. b5 Ng6 18. Nxe4 Bxe4 19. Ne5 Nf4 20. Bf3 f6 21. Qb3 fxe5
22. Bxe4 Kh8 23. Bf3 e4 24. Bg4 h5 25. Bd1 Qg5 26. g3 Nxh3+ 27. Kg2 Nf4+ 28.
Kg1 Nd3 29. Be2 Bxg3 30. fxg3 Qxg3+ 0-1

[Event "SK Münster 1 - SV Würselen 1"]
[Site "Oberliga NRW 2015/2016"]
[Date "2015.10.25"]
[Round "2.3"]
[White "Docx, Stefan"]
[Black "Chilla, Jan Eric"]
[Result "0-1"]
[WhiteElo "2414"]
[BlackElo "2225"]
[PlyCount "96"]
[EventDate "2015.??.??"]
[WhiteTeam "SV Würselen 1"]
[BlackTeam "SK Münster 1"]

1. d4 Nf6 2. c4 e6 3. Nc3 Bb4 4. e3 O-O 5. Bd3 d5 6. cxd5 exd5 7. Nge2 Re8 8.
Bd2 b6 9. O-O Bf8 10. Rc1 c5 11. dxc5 bxc5 12. Na4 Nbd7 13. b3 Bb7 14. Bc3 Bc6
15. b4 d4 16. b5 Bxg2 17. Kxg2 dxc3 18. Nexc3 Ne5 19. Be2 Qc7 20. Bf3 Rad8 21.
Qe2 Nd3 22. Kh1 Qe5 23. Bc6 Nxc1 24. Rxc1 Bd6 25. f3 Qxe3 26. Rc2 Qxe2 27. Nxe2
Re3 28. Ng3 Ra3 29. Nc3 Be5 30. Nce4 Nxe4 31. Nxe4 c4 32. Nd2 Rc3 33. Rxc3 Bxc3
34. Nxc4 Rd1+ 35. Kg2 Ra1 36. a3 Ra2+ 37. Kh3 Kf8 38. Kg3 Ke7 39. h3 h5 40. Kf4
Bb2 41. Kg5 g6 42. Nxb2 Rxb2 43. f4 Ra2 44. f5 Rxa3 45. fxg6 fxg6 46. Be4 Rxh3
47. Bxg6 h4 48. Be4 Rb3 0-1

[Event "SK Münster 1 - SV Würselen 1"]
[Site "Oberliga NRW 2015/2016"]
[Date "2015.10.25"]
[Round "2.4"]
[White "Bolwerk, Peter"]
[Black "Cekro, Ekrem"]
[Result "0-1"]
[WhiteElo "2170"]
[BlackElo "2376"]
[Annotator "Hausrath,Daniel"]
[PlyCount "102"]
[EventDate "2015.??.??"]
[WhiteTeam "SK Münster 1"]
[BlackTeam "SV Würselen 1"]

1. e4 g6 2. d4 c6 3. f3 d5 4. Nc3 dxe4 5. Nxe4 Bg7 6. c3 Nd7 7. Bc4 Ngf6 8. Ne2
O-O 9. O-O Nd5 10. f4 f5 11. Ng5 N7f6 12. Ng3 h6 13. Nf3 Kh7 14. Re1 Qc7 15.
Ne5 c5 16. Qf3 e6 17. Bb3 cxd4 18. cxd4 Bd7 19. Bd2 Rac8 20. Rac1 Qd6 21. Rcd1
Bc6 22. Kh1 Rfe8 23. Qf2 b6 24. a3 Bb7 25. Ba4 Re7 26. Qe2 a6 27. Bb3 Rec7 28.
Rf1 a5 29. Rfe1 Re7 30. Ba4 Qd8 31. Bb3 Ne8 32. Ba4 Nd6 33. Bb3 Nf6 34. Be3
Nde4 35. Nxe4 Nxe4 36. Rc1 Rxc1 37. Rxc1 Qe8 38. Qc2 Nf6 39. Ba4 b5 40. Bb3 a4
41. Ba2 Bd5 42. b3 Be4 43. Qe2 axb3 44. Bxb3 Qa8 45. Qb2 Nd5 46. Bxd5 Bxd5 47.
Qxb5 Bxg2+ 48. Kg1 Bh3 49. Qc6 Qxa3 50. Kf2 Bg4 51. Rc2 Bd1 {Rest nicht lesbar!
} 0-1

[Event "SK Münster 1 - SV Würselen 1"]
[Site "Oberliga NRW 2015/2016"]
[Date "2015.10.25"]
[Round "2.5"]
[White "Huhndorf, Arnold"]
[Black "Kamp, Christoph"]
[Result "1/2-1/2"]
[WhiteElo "2220"]
[BlackElo "2172"]
[PlyCount "35"]
[EventDate "2015.??.??"]
[WhiteTeam "SV Würselen 1"]
[BlackTeam "SK Münster 1"]

1. d4 d5 2. c4 c6 3. Nf3 e6 4. g3 Bd6 5. Bg2 f5 6. O-O Nf6 7. Qc2 O-O 8. Nc3
Ne4 9. Rb1 b6 10. b4 Bb7 11. Ne5 Nd7 12. Bf4 Nxe5 13. Bxe5 Qc7 14. f4 Bxe5 15.
fxe5 Rfc8 16. Rfc1 Qe7 17. e3 Qg5 18. Nxe4 1/2-1/2

[Event "SK Münster 1 - SV Würselen 1"]
[Site "Oberliga NRW 2015/2016"]
[Date "2015.10.25"]
[Round "2.7"]
[White "Goossens, Etienne"]
[Black "Neuer, Thomas"]
[Result "1/2-1/2"]
[WhiteElo "2187"]
[BlackElo "2060"]
[PlyCount "46"]
[EventDate "2015.??.??"]
[WhiteTeam "SV Würselen 1"]
[BlackTeam "SK Münster 1"]

1. d4 e6 2. Nf3 f5 3. c4 Nf6 4. Nc3 Bb4 5. g3 b6 6. Bg2 Bb7 7. O-O O-O 8. d5
Bxc3 9. bxc3 exd5 10. Nd4 g6 11. Bg5 Qc8 12. cxd5 Na6 13. c4 Nc5 14. Nb3 d6 15.
Qd4 Nfe4 16. Bh6 Rf7 17. f3 Nxb3 18. axb3 Nc5 19. Qc3 a5 20. e4 Qd8 21. Rae1
Qf6 22. Qe3 Re8 23. Bf4 Qb2 1/2-1/2

[Event "SK Münster 1 - SV Würselen 1"]
[Site "Oberliga NRW 2015/2016"]
[Date "2015.10.25"]
[Round "2.8"]
[White "Holtel, Jasper"]
[Black "Andok, Claus Michael"]
[Result "1-0"]
[WhiteElo "2267"]
[BlackElo "2074"]
[Annotator "Hausrath,Daniel"]
[PlyCount "67"]
[EventDate "2015.??.??"]
[WhiteTeam "SK Münster 1"]
[BlackTeam "SV Würselen 1"]

1. e4 c6 2. d4 d5 3. e5 h5 4. h4 Bf5 5. Bd3 Bxd3 6. Qxd3 e6 7. Bg5 Qb6 8. Nd2
c5 9. c4 Nc6 10. Ngf3 cxd4 11. O-O Nge7 12. a3 Qxb2 $11 13. Rfc1 Qb6 14. cxd5
exd5 15. Rab1 Qc7 16. Nxd4 Qxe5 17. N2f3 Qe4 18. Qb5 f6 19. Re1 a6 20. Qb6 Nxd4
21. Rxe4 Nxf3+ 22. gxf3 dxe4 23. Qxb7 Rd8 24. Be3 exf3 25. Bc5 Rd7 26. Qxa6 Kf7
27. Qc4+ Kg6 28. Qe4+ Kf7 29. Re1 Rh6 30. Qe6+ Ke8 31. Rb1 Rg6+ 32. Kf1 Rd8 33.
Bxe7 Bxe7 34. Re1 1-0

[Event "Klub Kölner SF 1 - DJK Aufwärts Aachen "]
[Site "Oberliga NRW 2015/2016"]
[Date "2015.10.25"]
[Round "2.1"]
[White "Braun, Christian"]
[Black "Morawietz, Dieter"]
[Result "0-1"]
[WhiteElo "2412"]
[BlackElo "2365"]
[PlyCount "84"]
[EventDate "2015.??.??"]
[WhiteTeam "DJK Aufwärts Aachen 2"]
[BlackTeam "Klub Kölner SF 1"]

1. e4 e6 2. d3 c5 3. Nf3 Nc6 4. g3 Nf6 5. Bg2 Be7 6. O-O O-O 7. Re1 d6 8. Nbd2
Rb8 9. a4 a6 10. e5 dxe5 11. Nxe5 Nxe5 12. Rxe5 b6 13. Nc4 Bb7 14. Bxb7 Rxb7
15. Qf3 Rd7 16. a5 b5 17. Nb6 Ra7 18. Bg5 h6 19. Bf4 Nd7 20. Nxd7 Rxd7 21. Ree1
Rd5 22. Be5 Bd6 23. Qf4 Rxe5 24. Rxe5 f6 25. Qg4 Bxe5 26. Qxe6+ Kh8 27. Qxa6 b4
28. Ra2 Qd5 29. Qc4 Qxc4 30. dxc4 Ra8 31. a6 Kg8 32. f4 Bd4+ 33. Kg2 f5 34. Kf3
Kf7 35. g4 fxg4+ 36. Kxg4 Ra7 37. Kf5 Ke7 38. Ra5 Kd6 39. b3 Kc6 40. Ke6 Be3
41. Ke5 Re7+ 42. Kf5 Kb6 0-1

[Event "Klub Kölner SF 1 - DJK Aufwärts Aachen "]
[Site "Oberliga NRW 2015/2016"]
[Date "2015.10.25"]
[Round "2.2"]
[White "Wacker, Peter"]
[Black "Gulbas, Cemil"]
[Result "1-0"]
[WhiteElo "2266"]
[BlackElo "2366"]
[PlyCount "97"]
[EventDate "2015.??.??"]
[WhiteTeam "Klub Kölner SF 1"]
[BlackTeam "DJK Aufwärts Aachen 2"]

1. e4 e6 2. d4 d5 3. Nd2 Be7 4. Ngf3 Nf6 5. Bd3 c5 6. dxc5 dxe4 7. Nxe4 Nxe4 8.
Bxe4 Qc7 9. Be3 Na6 10. c6 bxc6 11. Nd4 Bd7 12. Nb3 f5 13. Bf3 O-O 14. O-O e5
15. Be2 Bc8 16. f4 e4 17. Bc4+ Kh8 18. c3 Nb8 19. Nd4 Rf6 20. Qe2 a5 21. Nc2
Na6 22. Qf2 Be6 23. Qe2 Nc5 24. Bxe6 Nxe6 25. Qc4 Qb7 26. b4 a4 27. Rad1 Qc8
28. Rd2 Nc7 29. Bd4 Rg6 30. Ne3 Nb5 31. Be5 Bf6 32. Bxf6 Rxf6 33. Rfd1 Qc7 34.
g3 Qb6 35. Kf2 h6 36. Ke2 Qa6 37. Rd8+ Rf8 38. Rxa8 Qxa8 39. Qc5 Qe8 40. Ke1
Rf6 41. c4 Nc7 42. Rd6 Na6 43. Qd4 Rxd6 44. Qxd6 Qc8 45. a3 Nb8 46. Qe5 Nd7 47.
Qe6 Qd8 48. Nxf5 Nf6 49. Nd6 1-0

[Event "Klub Kölner SF 1 - DJK Aufwärts Aachen "]
[Site "Oberliga NRW 2015/2016"]
[Date "2015.10.25"]
[Round "2.3"]
[White "Skulener, Wladimir"]
[Black "Zuse, Peter"]
[Result "1-0"]
[WhiteElo "2299"]
[BlackElo "2196"]
[PlyCount "57"]
[EventDate "2015.??.??"]
[WhiteTeam "DJK Aufwärts Aachen 2"]
[BlackTeam "Klub Kölner SF 1"]

1. d4 Nf6 2. c4 g6 3. Nc3 d5 4. Bf4 Bg7 5. e3 O-O 6. Rc1 Be6 7. Qb3 c5 8. dxc5
Nc6 9. Qxb7 Rc8 10. Rd1 Qa5 11. Qb5 dxc4 12. Bxc4 Bxc4 13. Qxc4 Nb4 14. a3 Na6
15. Nge2 Rxc5 16. Qd3 Rd5 17. Qc2 Rxd1+ 18. Qxd1 Nh5 19. O-O Nxf4 20. exf4 Rb8
21. Qc2 Nc7 22. Rd1 e6 23. g3 Nd5 24. Rd3 h5 25. Nxd5 Qe1+ 26. Kg2 exd5 27. b4
Re8 28. Re3 Rd8 29. Nc1 1-0

[Event "Klub Kölner SF 1 - DJK Aufwärts Aachen "]
[Site "Oberliga NRW 2015/2016"]
[Date "2015.10.25"]
[Round "2.4"]
[White "Helbig, Mark"]
[Black "Buscher, Michael"]
[Result "1/2-1/2"]
[WhiteElo "2268"]
[BlackElo "2373"]
[PlyCount "40"]
[EventDate "2015.??.??"]
[WhiteTeam "Klub Kölner SF 1"]
[BlackTeam "DJK Aufwärts Aachen 2"]

1. c4 Nf6 2. Nc3 g6 3. g3 Bg7 4. Bg2 d6 5. d4 O-O 6. Nf3 c6 7. O-O Qa5 8. h3
Be6 9. Qd3 Qa6 10. b3 d5 11. Ne5 dxc4 12. Nxc4 Nbd7 13. Rd1 Rfd8 14. Ne3 Qxd3
15. Rxd3 Nb6 16. Ba3 Kf8 17. Rad1 Ke8 18. Nc2 a5 19. e4 a4 20. b4 Bc4 1/2-1/2

[Event "Klub Kölner SF 1 - DJK Aufwärts Aachen "]
[Site "Oberliga NRW 2015/2016"]
[Date "2015.10.25"]
[Round "2.5"]
[White "Marcziter, Dmitrii"]
[Black "Ludwig, Peter"]
[Result "1-0"]
[WhiteElo "2226"]
[BlackElo "2184"]
[PlyCount "81"]
[EventDate "2015.??.??"]
[WhiteTeam "DJK Aufwärts Aachen 2"]
[BlackTeam "Klub Kölner SF 1"]

1. d4 Nf6 2. c4 e6 3. Nf3 Bb4+ 4. Nbd2 d5 5. a3 Be7 6. e3 O-O 7. Bd3 Nbd7 8.
O-O c6 9. b3 Re8 10. Bb2 Bd6 11. Ne5 c5 12. Qc2 cxd4 13. exd4 h6 14. f4 b6 15.
Rae1 Bb7 16. Kh1 Rc8 17. Qd1 Qe7 18. f5 Bxa3 19. fxe6 fxe6 20. Bxa3 Qxa3 21.
Nxd7 Nxd7 22. Qh5 Rf8 23. Qg6 Nf6 24. cxd5 Bxd5 25. Nc4 Qa2 26. Ne5 Rc3 27. Ra1
Qxg2+ 28. Qxg2 Bxg2+ 29. Kxg2 Rxb3 30. Rxa7 Rb4 31. Nc6 Rb2+ 32. Kg1 Rd2 33.
Ne7+ Kh8 34. Ng6+ Kg8 35. Nxf8 Kxf8 36. Bc4 Rxd4 37. Bxe6 Rd6 38. Ba2 h5 39.
Rc1 Ne8 40. Rf7+ Kg8 41. Rd7+ 1-0